Loading...
| Science - Physics | 0 | 4 | 2 | 0 | 30 | 80 | 86.25 | 0 | 3 |
| Literature - European Literature | 1 | 1 | 0 | 0 | 25 | 62 | 77.50 | 2 | 2 |
| Science - Other Science | 0 | 3 | 1 | 0 | 25 | 86 | 93.33 | 0 | 1 |
| Fine Arts - Auditory Fine Arts | 1 | 1 | 0 | 0 | 25 | 39 | 73.00 | 0 | 1 |
| Literature - World Literature | 1 | 1 | 0 | 1 | 25 | 77 | 110.00 | 0 | 1 |
| Religion | 0 | 2 | 0 | 1 | 20 | 116 | 126.50 | 0 | 1 |
| Mythology | 0 | 2 | 0 | 2 | 20 | 130 | 133.50 | 0 | 1 |
| Philosophy | 0 | 2 | 0 | 1 | 20 | 102 | 118.00 | 0 | 1 |
| Literature - American Literature | 0 | 2 | 0 | 1 | 20 | 103 | 118.50 | 0 | 0 |
| History - American History | 0 | 2 | 0 | 1 | 20 | 103 | 111.50 | 0 | 1 |
| History - Other History | 1 | 0 | 0 | 0 | 15 | 58 | 58.00 | 0 | 1 |
| Current Events | 0 | 1 | 0 | 0 | 10 | 114 | 114.00 | 0 | 0 |
| History - European History | 0 | 1 | 0 | 1 | 10 | 132 | 132.00 | 0 | 0 |
| History - World History | 1 | 0 | 1 | 0 | 10 | 46 | 46.00 | 1 | 1 |
| Social Science | 0 | 1 | 0 | 0 | 10 | 71 | 71.00 | 1 | 1 |
| Fine Arts - Visual Fine Arts | 0 | 1 | 1 | 0 | 5 | 121 | 121.00 | 0 | 1 |
| Fine Arts - Other Fine Arts | 0 | 1 | 1 | 0 | 5 | 121 | 121.00 | 0 | 0 |
| Literature - British Literature | 0 | 1 | 1 | 1 | 5 | 144 | 144.00 | 0 | 1 |